000 00632nam a2200277Ia 4500
005 20260324143433.0
008 008 260324s9999 xx 000 0 eng d
020 _a9781003044581
037 _aEBOOK
040 _aCRL
040 _beng
040 _cCRL
041 _2eng
041 _aeng
084 _qCRL
100 _aPeter C. Ordeshook
_91215631
245 2 _aA Political Theory Primer
260 _bTaylor and Francis
260 _c1992
365 _a
365 _b290
856 _uhttp://www.taylorfrancis.com/books/9781003044581
942 _cEBOOK
999 _c1821032
_d1821032